00326nam a2200109Ia 4500008004000000082001800040100002800058245004700086260004500133300000800178650003000186210210b1992 xxu||||| |||| 00| 0 eng d a330.0954 PANG aPANDITRAO (Yashwant A). aGandhian approach to economic development. aBombaybHiamalaya Publishing Housec1992 a212 aGandhi Economics Gandhian